[Event "FICS rated standard game"]
[Site "FICS freechess.org"]
[Date "2018.01.14"]
[Round "?"]
[White "Chaeselume"]
[Black "MarathonLaeufer"]
[Result "1/2-1/2"]
[WhiteElo "1329"]
[BlackElo "1185"]
[PlyCount "53"]
[EventDate "2018.??.??"]

1. e4 e5 2. Nf3 Nc6 3. c3 Nf6 4. d4 exd4 5. cxd4 Nxe4 6. a3 Qe7 7. Be3 d5 8.
Be2 g5 9. O-O g4 10. Ne5 Nxe5 11. dxe5 Qxe5 12. Bd4 Qf4 13. g3 Nxg3 14. fxg3
Qh6 15. Bxh8 Bd6 16. Qxd5 Qe3+ 17. Kh1 Be6 18. Bb5+ c6 19. Qxd6 Qe4+ 20. Kg1
Qe3+ 21. Rf2 Qe1+ 22. Rf1 Qe3+ 23. Rf2 Qe1+ 24. Rf1 Qe3+ 25. Rf2 Qe1+ 26. Rf1
Qe3+ 27. Rf2 1/2-1/2

[Event "FICS rated blitz game"]
[Site "FICS freechess.org"]
[Date "2018.01.14"]
[Round "?"]
[White "BiH"]
[Black "Caarreeyy"]
[Result "0-1"]
[WhiteElo "1636"]
[BlackElo "1674"]
[PlyCount "44"]
[EventDate "2018.??.??"]
[EventType "blitz"]

1. e4 e5 2. Nf3 Nc6 3. c3 Bc5 4. d4 exd4 5. cxd4 Bb4+ 6. Nc3 d5 7. e5 Bg4 8.
Be2 Bxf3 9. Bxf3 Nge7 10. O-O Bxc3 11. bxc3 O-O 12. Bg5 f6 13. exf6 gxf6 14.
Bh6 Rf7 15. Bh5 Ng6 16. Qg4 f5 17. Qg3 Kh8 18. Bxg6 hxg6 19. Qxg6 Qg8 20. Qe6
Rd8 21. Bf4 Rg7 22. g3 Qxe6 {White resigns} 0-1

[Event "FICS rated blitz game"]
[Site "FICS freechess.org"]
[Date "2018.01.14"]
[Round "?"]
[White "fabiuscu"]
[Black "Mucke"]
[Result "1-0"]
[WhiteElo "1097"]
[BlackElo "1476"]
[PlyCount "75"]
[EventDate "2018.??.??"]
[EventType "blitz"]

1. e4 e5 2. Nf3 Nc6 3. c3 Bc5 4. b4 Bb6 5. a4 d6 6. a5 Bxf2+ 7. Kxf2 Bg4 8. h3
Bh5 9. g4 Bg6 10. d3 d5 11. Nbd2 dxe4 12. Nxe4 f5 13. gxf5 Bxf5 14. Ng3 Bg6 15.
Bg5 Nf6 16. Bxf6 Qxf6 17. Ne4 Bxe4 18. dxe4 Rd8 19. Qe2 O-O 20. Rd1 Rxd1 21.
Qxd1 Rd8 22. Qe2 Rf8 23. Bg2 Rd8 24. Rd1 Rxd1 25. Qxd1 h6 26. h4 Qf4 27. Qd7
Qc1 28. Qxc7 Qxc3 29. Qxb7 Qc2+ 30. Kg3 Nd4 31. Qd5+ Kh8 32. Nxe5 Ne2+ 33. Kh2
Nf4 34. Nf7+ Kh7 35. Qf5+ Kg8 36. Qxf4 Qc7 37. Ne5 Qe7 38. Bf3 1-0

[Event "FICS rated blitz game"]
[Site "FICS freechess.org"]
[Date "2018.01.14"]
[Round "?"]
[White "jezebelben"]
[Black "BuenTipo"]
[Result "1-0"]
[WhiteElo "1444"]
[BlackElo "1335"]
[PlyCount "49"]
[EventDate "2018.??.??"]
[EventType "blitz"]

1. e4 e5 2. Nf3 Nc6 3. c3 Nf6 4. d4 exd4 5. cxd4 Bb4+ 6. Bd2 Bxd2+ 7. Nbxd2 d6
8. d5 Ne5 9. Nb1 Nxe4 10. Qa4+ Bd7 11. Qxe4 O-O 12. Nxe5 Re8 13. Be2 Rxe5 14.
Qd3 Bf5 15. Qf3 Be4 16. Qg4 Bxd5 17. O-O Rg5 18. Qh3 Bxg2 19. Qxg2 Rxg2+ 20.
Kxg2 Qg5+ 21. Kh1 Qe5 22. Nc3 b5 23. Bxb5 d5 24. Bc6 d4 25. Bxa8 {Black resigns
} 1-0

[Event "FICS rated blitz game"]
[Site "FICS freechess.org"]
[Date "2018.01.14"]
[Round "?"]
[White "Uddo"]
[Black "Fleskusflint"]
[Result "0-1"]
[WhiteElo "1456"]
[BlackElo "1475"]
[PlyCount "44"]
[EventDate "2018.??.??"]
[EventType "blitz"]

1. e4 e5 2. Nf3 Nc6 3. c3 a6 4. d4 exd4 5. cxd4 d5 6. exd5 Qxd5 7. Nc3 Bb4 8.
Be2 Bxc3+ 9. bxc3 Nf6 10. O-O O-O 11. Re1 Bf5 12. c4 Qd8 13. d5 Na7 14. Nd4 Bg6
15. Bg5 Qd7 16. Bxf6 gxf6 17. Bg4 Qd6 18. h4 f5 19. Nxf5 Bxf5 20. Bxf5 Qf6 21.
Qg4+ Qg7 22. Qd4 Qxd4 {White resigns} 0-1

[Event "FICS rated blitz game"]
[Site "FICS freechess.org"]
[Date "2018.01.14"]
[Round "?"]
[White "windbumwino"]
[Black "Patrizia"]
[Result "1-0"]
[WhiteElo "1438"]
[BlackElo "1503"]
[PlyCount "35"]
[EventDate "2018.??.??"]
[EventType "blitz"]

1. e4 e5 2. c3 Nc6 3. Nf3 Nf6 4. d4 Nxe4 5. d5 Ne7 6. Nxe5 d6 7. Qa4+ Bd7 8.
Nxd7 Qxd7 9. Qxe4 O-O-O 10. Be2 Nf5 11. O-O Re8 12. Qc2 h5 13. Bf4 h4 14. h3 f6
15. Na3 g5 16. Be3 Nxe3 17. fxe3 Rxe3 18. Bg4 {Black resigns} 1-0

[Event "FICS rated blitz game"]
[Site "FICS freechess.org"]
[Date "2018.01.14"]
[Round "?"]
[White "skrepper"]
[Black "Yaman"]
[Result "0-1"]
[WhiteElo "1399"]
[BlackElo "1483"]
[PlyCount "86"]
[EventDate "2018.??.??"]
[EventType "blitz"]

1. e4 e5 2. Nf3 Nc6 3. c3 d6 4. d4 Bg4 5. Be2 Nf6 6. Qd3 Be7 7. d5 Nb8 8. h3
Bh5 9. Nbd2 O-O 10. O-O c6 11. c4 cxd5 12. cxd5 Nbd7 13. b4 a6 14. a4 Rc8 15.
Ba3 Rc7 16. Rac1 Qb8 17. Rxc7 Qxc7 18. Rc1 Qb8 19. b5 Rc8 20. bxa6 bxa6 21.
Qxa6 Rxc1+ 22. Bxc1 Nc5 23. Qc4 Bg6 24. Bd3 Nxd3 25. Qxd3 h6 26. Nh4 Nxe4 27.
Nxg6 Bg5 28. Qxe4 fxg6 29. Qxg6 Qb4 30. Qc2 Qd4 31. Nf3 Qxd5 32. Bxg5 hxg5 33.
Nxg5 Qa8 34. Qc4+ Kh8 35. Nf7+ Kh7 36. Qh4+ Kg8 37. Qh8+ Kxf7 38. Qxa8 Ke6 39.
Qb7 d5 40. a5 d4 41. a6 Kf5 42. a7 d3 43. a8=Q d2 0-1

[Event "FICS rated blitz game"]
[Site "FICS freechess.org"]
[Date "2018.01.14"]
[Round "?"]
[White "morts"]
[Black "Andropovfjorten"]
[Result "1-0"]
[WhiteElo "1199"]
[BlackElo "1088"]
[PlyCount "107"]
[EventDate "2018.??.??"]
[EventType "blitz"]

1. e4 e5 2. Nf3 Nc6 3. c3 Nf6 4. d3 Be7 5. g3 O-O 6. Bg2 b6 7. O-O Bb7 8. Nbd2
Nb8 9. d4 exd4 10. cxd4 c5 11. d5 d6 12. Nb3 a6 13. Nbd2 Nbd7 14. a3 Ng4 15.
Ne1 Nge5 16. Nef3 f5 17. Nxe5 Nxe5 18. Nf3 Bf6 19. Nxe5 Bxe5 20. Qh5 Bc8 21.
Bg5 Bf6 22. Bxf6 Qxf6 23. exf5 Bxf5 24. Rad1 Qxb2 25. a4 b5 26. axb5 axb5 27.
g4 Bg6 28. Qg5 b4 29. Qe3 Ra3 30. Qe6+ Bf7 31. Qxd6 c4 32. Rb1 Qf6 33. Qxb4 Qa6
34. d6 c3 35. d7 c2 36. Rbc1 Qd3 37. Be4 Rb3 38. Qa4 Ra3 39. Bxd3 Rxa4 40. Bxc2
Ra7 41. Rcd1 Rd8 42. Bf5 g6 43. Be4 Be6 44. f3 Raxd7 45. Rde1 Bc4 46. Rf2 Rd1
47. Rxd1 Rxd1+ 48. Kg2 Kg7 49. h4 h6 50. Rc2 Bf1+ 51. Kf2 Bb5 52. Rc7+ Kf6 53.
Rb7 Ba6 54. Rb6+ {Black resigns} 1-0

[Event "FICS rated blitz game"]
[Site "FICS freechess.org"]
[Date "2018.01.14"]
[Round "?"]
[White "ghdmeriee"]
[Black "kalu"]
[Result "0-1"]
[WhiteElo "1400"]
[BlackElo "1587"]
[PlyCount "26"]
[EventDate "2018.??.??"]
[EventType "blitz"]

1. e4 e5 2. Nf3 Nc6 3. c3 Nf6 4. Bb5 d6 5. d3 a6 6. Ba4 Bg4 7. Bg5 Be7 8. Nbd2
O-O 9. h3 Bh5 10. g4 Bg6 11. Nh4 h6 12. Bxf6 Bxf6 13. Bb3 Bxh4 {White resigns}
0-1

[Event "FICS rated blitz game"]
[Site "FICS freechess.org"]
[Date "2018.01.14"]
[Round "?"]
[White "jsssstplayinn"]
[Black "DANNYALBERTO"]
[Result "1-0"]
[WhiteElo "1567"]
[BlackElo "1716"]
[PlyCount "71"]
[EventDate "2018.??.??"]
[EventType "blitz"]

1. e4 e5 2. Nf3 Nc6 3. c3 Nf6 4. d4 d6 5. d5 Nb8 6. Be2 Be7 7. O-O c6 8. dxc6
Nxc6 9. Bd3 Be6 10. Bg5 O-O 11. Nbd2 Qb6 12. b4 Rad8 13. a4 a5 14. b5 Nb8 15.
Bc4 d5 16. exd5 Nxd5 17. Bxe7 Nxe7 18. Bxe6 Qxe6 19. Qe2 Ng6 20. Nc4 Nd7 21.
Nxa5 Qb6 22. Nc4 Qc5 23. Rad1 Nf4 24. Qe4 f5 25. Qxb7 Ne2+ 26. Kh1 Nf6 27. Rxd8
Rxd8 28. Ncxe5 Nxc3 29. Qf7+ Kh8 30. Qb7 Rc8 31. Nf7+ Kg8 32. N3e5 h6 33. Nd6
Rc7 34. Qb8+ Kh7 35. Ndf7 Qc4 36. Qh8# {Black checkmated} 1-0

[Event "FICS rated standard game"]
[Site "FICS freechess.org"]
[Date "2018.01.14"]
[Round "?"]
[White "anakarpovdjamel"]
[Black "gercole"]
[Result "1-0"]
[WhiteElo "1654"]
[BlackElo "1645"]
[PlyCount "69"]
[EventDate "2018.??.??"]

1. e4 e5 2. Nf3 Nc6 3. c3 Nf6 4. d3 d5 5. exd5 Nxd5 6. Be2 Bd6 7. Nbd2 Nf6 8.
Nc4 Be6 9. Bg5 h6 10. Nxd6+ Qxd6 11. Bxf6 gxf6 12. Qa4 O-O-O 13. O-O-O Kb8 14.
Nd2 Bd7 15. Ne4 Qe7 16. Qc2 Be6 17. b4 Rd5 18. Nc5 Bf5 19. g4 Bg6 20. Bf3 Rd6
21. b5 Na5 22. Qa4 b6 23. Na6+ Kc8 24. Rhe1 Rhd8 25. d4 Qe6 26. d5 Rxd5 27.
Rxd5 Rxd5 28. c4 Nxc4 29. Nb4 Rc5 30. Qa6+ Kd8 31. Nc6+ Ke8 32. Qxa7 Ne3+ 33.
Kd2 Nc4+ 34. Ke2 Kf8 35. Qxc7 1-0

[Event "Tourn. n9611"]
[Site "www.chess-mail.com"]
[Date "2018.01.13"]
[Round "1"]
[White "Bluetealeaf"]
[Black "Julian"]
[Result "0-1"]
[WhiteElo "1620"]
[BlackElo "1630"]
[PlyCount "62"]
[EventDate "2018.??.??"]

1. e4 e5 2. Nf3 Nc6 3. c3 Nf6 4. Qe2 Bc5 5. b4 Bb6 6. Ba3 d6 7. d3 Be6 8. Nbd2
O-O 9. Nh4 Re8 10. g3 d5 11. Bg2 a5 12. b5 Ne7 13. exd5 Nexd5 14. Qxe5 Bh3 15.
Ndf3 Rxe5+ 16. Nxe5 Bxg2 17. Nxg2 Nxc3 18. O-O Nxb5 19. Bb2 Bd4 20. Bxd4 Nxd4
21. f3 Qd5 22. Rae1 Re8 23. f4 c5 24. Ng4 Rxe1 25. Nxe1 Nxg4 26. h3 Ne3 27. Rf2
f5 28. h4 g6 29. Nf3 Nxf3+ 30. Kh1 Nxh4+ 31. Kh2 Ng4+ {resign} 0-1

[Event "FICS rated blitz game"]
[Site "FICS freechess.org"]
[Date "2018.01.13"]
[Round "?"]
[White "windbumwino"]
[Black "navdove"]
[Result "0-1"]
[WhiteElo "1552"]
[BlackElo "1400"]
[PlyCount "82"]
[EventDate "2018.??.??"]
[EventType "blitz"]

1. e4 e5 2. c3 Nc6 3. Nf3 d6 4. d4 Bg4 5. d5 Bxf3 6. gxf3 Nce7 7. Qa4+ c6 8.
dxc6 Nxc6 9. Bb5 Nge7 10. Bg5 f6 11. Be3 g5 12. Nd2 Bg7 13. O-O-O O-O 14. Nc4
a6 15. Bxc6 Nxc6 16. Rxd6 b5 17. Rxd8 bxa4 18. Rxf8+ Bxf8 19. Nb6 Rb8 20. Nd7
Rb7 21. Nxf6+ Kf7 22. Nxh7 Na5 23. Nxg5+ Kf6 24. h4 Nc4 25. b3 Nxe3 26. fxe3
Bh6 27. Rg1 axb3 28. axb3 Rxb3 29. Kc2 Rb8 30. Ra1 Rb6 31. Nh7+ Kg6 32. Ng5
Bxg5 33. hxg5 Kxg5 34. Rg1+ Kh4 35. f4 exf4 36. exf4 Rb5 37. Kd3 a5 38. Kc4 Rb1
39. e5 Rxg1 40. e6 Re1 41. f5 Kg5 {White resigns} 0-1

[Event "FICS rated standard game"]
[Site "FICS freechess.org"]
[Date "2018.01.13"]
[Round "?"]
[White "trapik"]
[Black "JoeConrad"]
[Result "1-0"]
[WhiteElo "1391"]
[BlackElo "1471"]
[PlyCount "32"]
[EventDate "2018.??.??"]

1. e4 e5 2. Nf3 Nc6 3. c3 Nf6 4. d3 d5 5. exd5 Nxd5 6. c4 Nf6 7. Bg5 Be7 8. Be2
e4 9. O-O exf3 10. Bxf3 O-O 11. Nc3 Ne5 12. Bf4 Ng6 13. Bg3 Bd6 14. Bxd6 Qxd6
15. Nb5 Qe6 16. Re1 Qc6 {Black resigns} 1-0

[Event "FICS rated standard game"]
[Site "FICS freechess.org"]
[Date "2018.01.13"]
[Round "?"]
[White "proximab"]
[Black "Abishakkumar"]
[Result "1-0"]
[WhiteElo "2077"]
[BlackElo "1488"]
[PlyCount "50"]
[EventDate "2018.??.??"]

1. e4 e5 2. Nf3 Nc6 3. c3 d5 4. Qa4 Bd7 5. exd5 Nce7 6. Qb3 Nf6 7. Nxe5 Nexd5
8. Nxd7 Qxd7 9. Qxb7 Qd8 10. Bb5+ Ke7 11. Bc6 Nb6 12. Qa6 Qd6 13. Bxa8 Nxa8 14.
Qxa7 Nb6 15. O-O Kd7 16. d4 Be7 17. h3 Qc6 18. Qa6 Nfd5 19. Re1 h6 20. Qe2 Re8
21. Qg4+ Kd8 22. Qxg7 Nf6 23. Qxf7 Nbd5 24. Bxh6 Rg8 25. g3 Rf8 {Black resigns}
1-0

[Event "FICS rated blitz game"]
[Site "FICS freechess.org"]
[Date "2018.01.13"]
[Round "?"]
[White "Jephtah"]
[Black "CALBOT"]
[Result "1-0"]
[WhiteElo "1489"]
[BlackElo "1447"]
[PlyCount "56"]
[EventDate "2018.??.??"]
[EventType "blitz"]

1. e4 e5 2. Nf3 Nc6 3. c3 Nf6 4. d4 exd4 5. e5 Nd5 6. cxd4 Bb4+ 7. Bd2 O-O 8.
a3 Bxd2+ 9. Nbxd2 d6 10. Bb5 Bg4 11. Bxc6 bxc6 12. O-O Rb8 13. Qc2 Qd7 14. h3
Bh5 15. b4 Nf4 16. Kh2 dxe5 17. dxe5 Qd5 18. Rac1 Rbd8 19. Qxc6 Qd3 20. a4 Ne6
21. Qe4 Bxf3 22. Qxd3 Bxg2 23. Qxd8 Rxd8 24. Kxg2 Nf4+ 25. Kf3 Nxh3 26. Rfd1
Ng5+ 27. Kg2 h6 28. Nf3 Rxd1 {Black resigns} 1-0

[Event "FICS rated blitz game"]
[Site "FICS freechess.org"]
[Date "2018.01.13"]
[Round "?"]
[White "windbumwino"]
[Black "navdove"]
[Result "1-0"]
[WhiteElo "1442"]
[BlackElo "1404"]
[PlyCount "147"]
[EventDate "2018.??.??"]
[EventType "blitz"]

1. e4 e5 2. c3 Nc6 3. Nf3 d6 4. d4 Nge7 5. d5 Nb8 6. Qa4+ Bd7 7. Bb5 Ng6 8. O-O
Be7 9. Be3 a6 10. Na3 c6 11. dxc6 Bxc6 12. Bxc6+ Nxc6 13. Rad1 b5 14. Qc2 O-O
15. c4 b4 16. Nb1 a5 17. b3 Bf6 18. Rd5 Nge7 19. Rd2 Nd4 20. Nxd4 exd4 21. Bxd4
Bxd4 22. Rxd4 Nc6 23. Rd5 Qf6 24. Rfd1 Rad8 25. f3 Ne5 26. Qf2 Qg6 27. a3 bxa3
28. Nxa3 Rfe8 29. Rxa5 Re6 30. Rad5 Rf6 31. Rxe5 Re6 32. Red5 h5 33. Nb5 Kh7
34. Rxd6 Rexd6 35. Rxd6 Rxd6 36. Nxd6 Qxd6 37. Qe2 Qd4+ 38. Kf1 Kg6 39. b4 Qa1+
40. Kf2 Qc3 41. b5 Qb4 42. Qe3 Qxc4 43. Kg3 Qc7+ 44. f4 f6 45. e5 fxe5 46. Qxe5
Qxe5 47. fxe5 Kf5 48. b6 Kxe5 49. b7 g5 50. b8=Q+ Kf5 51. Qf8+ Kg6 52. Qf3 h4+
53. Kf2 Kh6 54. Qf5 Kh5 55. Kf3 h3 56. g3 Kh6 57. Qxh3+ Kg6 58. Qg4 Kf6 59. Ke4
Kg6 60. Ke5 Kh6 61. Kf5 Kh7 62. Qxg5 Kh8 63. Qh5+ Kg7 64. g4 Kf8 65. g5 Kg7 66.
Qh6+ Kg8 67. Qg6+ Kf8 68. h4 Ke7 69. h5 Kf8 70. h6 Ke7 71. h7 Kd7 72. h8=Q Ke7
73. Qhh7+ Kf8 74. Qgg8# {Black checkmated} 1-0

[Event "FICS rated blitz game"]
[Site "FICS freechess.org"]
[Date "2018.01.13"]
[Round "?"]
[White "CALXAD"]
[Black "bodocsmihaly"]
[Result "0-1"]
[WhiteElo "1719"]
[BlackElo "1799"]
[PlyCount "84"]
[EventDate "2018.??.??"]
[EventType "blitz"]

1. e4 e5 2. Nf3 Nc6 3. c3 Bc5 4. Bd3 d6 5. O-O Nge7 6. Bc2 Bg4 7. d3 a6 8. h3
Bh5 9. Nbd2 O-O 10. Rb1 b5 11. Re1 f6 12. Nf1 Bf7 13. Ng3 Bxa2 14. Ra1 Be6 15.
Nh4 Bb6 16. Rf1 Qd7 17. Kh2 g5 18. Nf3 g4 19. hxg4 Bxg4 20. Bb3+ Kh8 21. Bh6
Rfe8 22. Bf7 Red8 23. Nxe5 Nxe5 24. f3 Nxf7 25. fxg4 Nxh6 26. Rxf6 Nxg4+ 27.
Kh1 Nxf6 28. Qf3 Rf8 29. d4 Ng6 30. Nf5 Qe6 31. Re1 Nxe4 32. Qxe4 Qxe4 33. Rxe4
Rxf5 34. Re7 Nxe7 35. Kh2 Rg8 36. g4 Rxg4 37. b3 Rf3 38. b4 Rxc3 39. d5 Nxd5
40. Kh1 Rxb4 41. Kg2 Rb2+ 42. Kf1 Rc1# {White checkmated} 0-1

[Event "FICS rated blitz game"]
[Site "FICS freechess.org"]
[Date "2018.01.13"]
[Round "?"]
[White "kiknit"]
[Black "ramparashar"]
[Result "0-1"]
[WhiteElo "1410"]
[BlackElo "1591"]
[PlyCount "50"]
[EventDate "2018.??.??"]
[EventType "blitz"]

1. e4 e5 2. Nf3 Nc6 3. c3 d5 4. d4 dxe4 5. Nxe5 Nxe5 6. Qa4+ Nc6 7. Bc4 Nf6 8.
d5 Nxd5 9. O-O Nf6 10. Nd2 Bd6 11. Rd1 O-O 12. Qc2 Bf5 13. h3 Qe7 14. Nf1 Bg6
15. Ne3 h6 16. Bd2 Rad8 17. Bb3 Qe5 18. g3 Qh5 19. Kg2 Ne5 20. g4 Nfxg4 21.
Nxg4 Nxg4 22. hxg4 Qxg4+ 23. Kf1 Qh3+ 24. Ke2 Bh5+ 25. Ke1 Qh1# {White
checkmated} 0-1

[Event "FICS rated blitz game"]
[Site "FICS freechess.org"]
[Date "2018.01.13"]
[Round "?"]
[White "windbumwino"]
[Black "navdove"]
[Result "1-0"]
[WhiteElo "1440"]
[BlackElo "1406"]
[PlyCount "121"]
[EventDate "2018.??.??"]
[EventType "blitz"]

1. e4 e5 2. c3 Nc6 3. Nf3 d6 4. d4 exd4 5. cxd4 Nxd4 6. Nxd4 c5 7. Qa4+ Bd7 8.
Nb5 a6 9. Nxd6+ Bxd6 10. Qd1 Be7 11. Bc4 Nf6 12. f3 O-O 13. O-O b5 14. Bb3 c4
15. Bc2 Bc5+ 16. Kh1 Qb6 17. b3 cxb3 18. axb3 Rad8 19. Qe2 Bd4 20. Ra2 Nh5 21.
g3 Bh3 22. Rd1 Be5 23. f4 Rxd1+ 24. Bxd1 Bd4 25. Qxh5 Be6 26. Bb2 Qc5 27. Bxd4
Qxh5 28. Bxh5 Bxb3 29. Rxa6 Bc2 30. Nd2 g6 31. Bf3 Bd3 32. e5 b4 33. Rb6 Rd8
34. Rxb4 Bf5 35. Kg2 h5 36. h3 Kg7 37. g4 hxg4 38. hxg4 Be6 39. Ne4 Bd5 40. Nd6
Bxf3+ 41. Kxf3 Kh6 42. Rb7 Rf8 43. Rxf7 Rxf7 44. Nxf7+ Kg7 45. e6+ Kf8 46. f5
gxf5 47. gxf5 Ke7 48. Kf4 Kf8 49. Ke5 Ke7 50. f6+ Ke8 51. Ng5 Kf8 52. Bc5+ Ke8
53. f7+ Kd8 54. f8=Q+ Kc7 55. Qf6 Kc6 56. e7+ Kxc5 57. e8=Q Kc4 58. Qd7 Kc3 59.
Qfc6+ Kb4 60. Qdb7+ Ka5 61. Qca6# {Black checkmated} 1-0

[Event "FICS rated blitz game"]
[Site "FICS freechess.org"]
[Date "2018.01.13"]
[Round "?"]
[White "zbobi"]
[Black "Mucke"]
[Result "1-0"]
[WhiteElo "1543"]
[BlackElo "1399"]
[PlyCount "79"]
[EventDate "2018.??.??"]
[EventType "blitz"]

1. e4 e5 2. Nf3 Nc6 3. c3 Bc5 4. Bc4 h6 5. Qb3 Qe7 6. Bd5 d6 7. d4 Na5 8. Qa4+
c6 9. dxc5 Bd7 10. Qxa5 cxd5 11. cxd6 Qxd6 12. exd5 b6 13. Qb4 Qxd5 14. O-O Nf6
15. Bd2 Bc6 16. Qb3 Qe4 17. Re1 Qf5 18. Rxe5+ Qxe5 19. Nxe5 O-O 20. Nxc6 Rac8
21. Nd4 Rfe8 22. Be3 Ng4 23. Na3 Nxe3 24. fxe3 Rxe3 25. Rf1 Rc7 26. Nab5 Rd7
27. Nf5 Re2 28. Nfd6 Rde7 29. Qd5 a6 30. Nd4 R2e5 31. Qf3 f6 32. N6f5 Re8 33.
Qg4 g5 34. Nxh6+ Kg7 35. Nhf5+ Kg6 36. h4 Re4 37. h5+ Kh7 38. Qf3 Rf4 39. Qb7+
Kh8 40. Qg7# {Black checkmated} 1-0

[Event "FICS rated blitz game"]
[Site "FICS freechess.org"]
[Date "2018.01.13"]
[Round "?"]
[White "zbobi"]
[Black "HSKHKU"]
[Result "1-0"]
[WhiteElo "1548"]
[BlackElo "1469"]
[PlyCount "81"]
[EventDate "2018.??.??"]
[EventType "blitz"]

1. e4 e5 2. Nf3 Nc6 3. c3 d6 4. Bc4 h6 5. Qb3 Qe7 6. Bd5 Nf6 7. d3 Nxd5 8. exd5
Nd8 9. c4 c6 10. dxc6 Nxc6 11. Be3 Qc7 12. Nc3 Na5 13. Qc2 Be6 14. O-O Be7 15.
b4 Nc6 16. Rac1 Nxb4 17. Qb3 Nc6 18. Nd5 Qd8 19. Qxb7 Bd7 20. Nc7+ Kf8 21. Nxa8
f6 22. Nc7 Kf7 23. Nd5 Qb8 24. Qxd7 Rd8 25. Qg4 Qb2 26. Nh4 Qxa2 27. Nf5 Bf8
28. Qh5+ g6 29. Nxh6+ Bxh6 30. Qxh6 Rg8 31. Qh3 Rd8 32. Qf3 f5 33. g4 e4 34.
dxe4 Ne5 35. Qf4 Nd3 36. Qh6 Nxc1 37. gxf5 gxf5 38. Qf6+ Ke8 39. Bg5 Rd7 40.
Qh8+ Kf7 41. Qf6+ 1-0

[Event "FICS rated blitz game"]
[Site "FICS freechess.org"]
[Date "2018.01.13"]
[Round "?"]
[White "windbumwino"]
[Black "cgoroll"]
[Result "0-1"]
[WhiteElo "1467"]
[BlackElo "1511"]
[PlyCount "34"]
[EventDate "2018.??.??"]
[EventType "blitz"]

1. e4 e5 2. c3 Nc6 3. Nf3 Nf6 4. d4 Nxe4 5. d5 Nb8 6. Nxe5 Qf6 7. Nf3 Bc5 8.
Qe2 Bxf2+ 9. Kd1 Qf5 10. h3 Qxd5+ 11. Nbd2 O-O 12. Kc2 Nxd2 13. Nxd2 Bg3 14.
Qd3 Qh5 15. Be2 Qg6 16. Nf3 d6 17. Bg5 Bf5 {White resigns} 0-1

[Event "FICS rated blitz game"]
[Site "FICS freechess.org"]
[Date "2018.01.13"]
[Round "?"]
[White "kiknit"]
[Black "RealHuman"]
[Result "1-0"]
[WhiteElo "1405"]
[BlackElo "1563"]
[PlyCount "37"]
[EventDate "2018.??.??"]
[EventType "blitz"]

1. e4 e5 2. Nf3 Nc6 3. c3 Nf6 4. Bc4 Nxe4 5. d4 d5 6. Bb3 exd4 7. Nxd4 Nxd4 8.
Qxd4 Be6 9. O-O c5 10. Ba4+ Ke7 11. Qe5 f6 12. Qf4 Kf7 13. Nd2 Bd6 14. Qh4 Nxd2
15. Bxd2 Bd7 16. Qh5+ g6 17. Qxd5+ Be6 18. Qxb7+ Qe7 19. Qf3 {Black resigns}
1-0

[Event "FICS rated blitz game"]
[Site "FICS freechess.org"]
[Date "2018.01.13"]
[Round "?"]
[White "Jephtah"]
[Black "speralta"]
[Result "1-0"]
[WhiteElo "1507"]
[BlackElo "1377"]
[PlyCount "105"]
[EventDate "2018.??.??"]
[EventType "blitz"]

1. e4 e5 2. Nf3 Nc6 3. c3 Bc5 4. d4 exd4 5. cxd4 Bb4+ 6. Bd2 d6 7. Bb5 Nf6 8.
d5 Bxd2+ 9. Nbxd2 a6 10. Qa4 Bd7 11. Bxc6 bxc6 12. dxc6 Bg4 13. O-O O-O 14. h3
Bh5 15. Rfe1 Re8 16. Nh4 Rb8 17. b3 Rb6 18. Nf5 Bg6 19. Ng3 Qb8 20. Rac1 Rb4
21. Qxa6 Rb6 22. Qc4 Rb4 23. Qd3 d5 24. a3 dxe4 25. Qc2 Rb6 26. Ngxe4 Qd8 27.
Nxf6+ gxf6 28. Rxe8+ Qxe8 29. Qc4 Kg7 30. b4 Qd8 31. Nf3 Qd6 32. b5 Bd3 33.
Qg4+ Kf8 34. a4 Rb8 35. Rd1 Qa3 36. Qd4 Be2 37. Ra1 Qb3 38. Qxf6 Kg8 39. Ng5
Bd3 40. Qe7 Qc3 41. Rd1 Qc2 42. Qxf7+ Kh8 43. Re1 Bg6 44. Qf6+ Kg8 45. Qe6+ Kh8
46. Qe5+ Kg8 47. Qd5+ Kh8 48. Qd4+ Kg8 49. Qd5+ Kh8 50. Nf7+ Kg7 51. Ne5 Re8
52. Qd7+ Kh6 53. Ng4+ 1-0

[Event "FICS rated blitz game"]
[Site "FICS freechess.org"]
[Date "2018.01.13"]
[Round "?"]
[White "kiknit"]
[Black "ldes"]
[Result "1-0"]
[WhiteElo "1412"]
[BlackElo "1436"]
[PlyCount "113"]
[EventDate "2018.??.??"]
[EventType "blitz"]

1. e4 e5 2. Nf3 Nc6 3. c3 d6 4. d4 exd4 5. Bc4 Qf6 6. Bg5 Qg6 7. Bd3 dxc3 8.
Nxc3 Nd4 9. e5 Nxf3+ 10. Qxf3 Qxg5 11. exd6 Bd7 12. dxc7 Rc8 13. O-O Be7 14.
Nd5 Bc6 15. Rae1 Qxd5 16. Be4 Qd6 17. Bxc6+ bxc6 18. Rd1 Qxc7 19. Rfe1 Nf6 20.
Qh3 O-O 21. Rd2 Qa5 22. Rde2 Bb4 23. Rf1 Qxa2 24. Re3 Qxb2 25. Rg3 Qe5 26. Qh4
Qh5 27. Qxb4 a5 28. Qd4 Qh6 29. Qa1 Nd5 30. Qxa5 Ra8 31. Qc5 Rac8 32. Qd4 Qf6
33. Qg4 g6 34. Rh3 h5 35. Qd1 Rcd8 36. Rg3 Qg7 37. Qc1 Kh7 38. Qxc6 Nf4 39. Qe4
Qf6 40. Rf3 Rde8 41. Qxf4 Qxf4 42. Rxf4 f5 43. Ra4 Re2 44. Ra7+ Kh6 45. Rc1
Rfe8 46. g3 Re1+ 47. Rxe1 Rxe1+ 48. Kg2 Kg5 49. Ra6 Kh6 50. h3 Kg5 51. h4+ Kh6
52. f4 Re2+ 53. Kf3 Rb2 54. Ke3 Rb3+ 55. Kf2 Rb2+ 56. Kf3 Rb3+ 57. Kg2 1-0

[Event "FICS rated blitz game"]
[Site "FICS freechess.org"]
[Date "2018.01.13"]
[Round "?"]
[White "haredank"]
[Black "bramanti"]
[Result "1-0"]
[WhiteElo "1496"]
[BlackElo "1510"]
[PlyCount "41"]
[EventDate "2018.??.??"]
[EventType "blitz"]

1. e4 e5 2. Nf3 Nc6 3. c3 d6 4. Bc4 Be7 5. O-O Bg4 6. d4 Nf6 7. Bg5 exd4 8.
cxd4 Bxf3 9. Qxf3 Nxd4 10. Qc3 Ne6 11. Bxe6 fxe6 12. Qb3 Qd7 13. Qxb7 O-O 14.
Nc3 Rfb8 15. Qa6 Rxb2 16. Rad1 Rb6 17. Qa5 Ng4 18. h3 Bxg5 19. Qxg5 Nh6 20. Ne2
e5 21. Nc3 1-0

[Event "FICS rated blitz game"]
[Site "FICS freechess.org"]
[Date "2018.01.13"]
[Round "?"]
[White "kungzeb"]
[Black "bodocsmihaly"]
[Result "0-1"]
[WhiteElo "1745"]
[BlackElo "1789"]
[PlyCount "54"]
[EventDate "2018.??.??"]
[EventType "blitz"]

1. e4 e5 2. Nf3 Nc6 3. c3 Bc5 4. d4 exd4 5. cxd4 Bb6 6. Bb5 Nge7 7. Nc3 O-O 8.
O-O d5 9. e5 Bg4 10. Bg5 Bxf3 11. gxf3 Nxd4 12. Re1 c6 13. Bd3 Ne6 14. Bh4 Qc7
15. Bc2 Ng6 16. Bg3 Nef4 17. Bxg6 Nxg6 18. Rc1 Qd7 19. Qd3 Rae8 20. Re2 Qh3 21.
f4 Ne7 22. e6 fxe6 23. Rce1 Nf5 24. Rxe6 Rxe6 25. Rxe6 Nxg3 26. Re3 Bxe3 27.
Qxe3 Qf1# {White checkmated} 0-1

[Event "FICS rated lightning game"]
[Site "FICS freechess.org"]
[Date "2018.01.13"]
[Round "?"]
[White "emblasoftware"]
[Black "IFDTitan"]
[Result "1-0"]
[WhiteElo "2153"]
[BlackElo "1561"]
[PlyCount "59"]
[EventDate "2018.??.??"]

1. e4 e5 2. Nf3 Nc6 3. c3 Nf6 4. d4 exd4 5. e5 Ng4 6. cxd4 Bb4+ 7. Nc3 Bxc3+ 8.
bxc3 O-O 9. h3 Nh6 10. d5 Ne7 11. Bc4 b5 12. Bxb5 c6 13. d6 Nef5 14. Bd3 Qa5
15. Qc2 g6 16. g4 Nxd6 17. Bxh6 Re8 18. O-O Qd5 19. Be2 Qe4 20. Qd3 Qxd3 21.
Bxd3 Nb7 22. Rab1 d5 23. Be3 c5 24. Kg2 h5 25. Rfd1 hxg4 26. hxg4 Rd8 27. Bg5
Rd7 28. Rh1 c4 29. Bf6 cxd3 30. Rh8# {Black checkmated} 1-0